[Event "Titled Tue 12th Sep Late"]
[Site "chess.com INT"]
[Date "2023.09.12"]
[Round "9"]
[White "Anton Guijarro, D."]
[Black "Yoo, Christopher Woojin"]
[Result "1-0"]
[WhiteElo "2669"]
[BlackElo "2606"]
[PlyCount "61"]
[EventDate "2023.09.12"]

1. Nf3 c5 2. b3 d5 3. e3 a6 4. Bb2 Nc6 5. g3 Qc7 ({RR} 5... Bf5 6. Bg2 Nf6 7. O-O e6 8. Nh4 Be4 9. f3 Bg6 10. d3 Bd6 11. Nxg6 hxg6 12. f4 Qe7 13. c4 Rd8 14. Nd2 Bc7 15. Qe2 O-O 16. Rad1 Rfe8 17. e4 dxc4 18. Nxc4 Nd4 19. Bxd4 Rxd4 20. Ne3 {Nakamura,H (2760)-Fedoseev,V (2686) Chess.com INT 2022 0-1 (42)}) 6. c4 ({RR} 6. Bg2 e5 7. Nc3 Nf6 8. d3 d4 9. Ne2 Bd6 10. O-O O-O 11. c3 dxe3 12. fxe3 Ng4 13. Qd2 f5 14. Ng5 Qe7 15. Nh3 g5 16. c4 Be6 17. Nc3 h6 18. Nd5 Qg7 19. Qe2 Rae8 20. Nf2 Nxf2 {Adewumi,T (2325)-Yoo,C (2603) chess.com INT 2024 0-1 (31)}) 6... dxc4 7. bxc4 e5 $146 ({RR} 7... Bf5 8. Nc3 e6 9. Nh4 Nh6 10. Nxf5 Nxf5 11. Bh3 Nd6 12. Qa4 O-O-O 13. O-O Kb8 14. Bg2 Ne5 15. Nd5 Qd7 16. Qc2 Nexc4 17. Nc3 Nxb2 18. Qxb2 Nc4 19. Qc2 Ka7 20. Rfd1 Be7 21. d3 Na3 22. Qb3 {Almasi,Z (2707)-Gaponenko,I (2437) Douglas 2017 1-0}) 8. Nc3 Bd6 9. Nd5 Qd8 10. Bg2 Nge7 11. O-O O-O 12. Qb1 f6 13. Nh4 Kh8 14. f4 exf4 15. gxf4 Rb8 16. Qd1 b5 17. Nxe7 Nxe7 18. Kh1 Be6 19. cxb5 axb5 20. Rg1 Qd7 21. Be4 Bd5 22. Bxd5 Nxd5 23. Qh5 Qf7 24. Qf3 Rfe8 25. Rxg7 Qxg7 26. Qxd5 Be7 27. Rg1 Rbd8 28. Qe6 Qh6 29. Nf5 Qf8 30. Rg8+ Qxg8 31. Bxf6+ 1-0

[Event "chess.com SpeedChess 2023"]
[Site "chess.com INT"]
[Date "2023.09.12"]
[Round "1.22"]
[White "Carlsen, M."]
[Black "Vidit, S."]
[Result "1-0"]
[WhiteElo "2839"]
[BlackElo "2716"]
[PlyCount "101"]
[EventDate "2023.09.04"]

1. Nf3 Nf6 2. b3 c5 3. Bb2 Nc6 4. e3 d5 5. Bb5 Bd7 6. O-O g6 7. c4 dxc4 8. Bxc4 Bg7 9. d4 cxd4 10. Nxd4 O-O 11. Nd2 Rc8 12. Rc1 ({RR} 12. N2f3 a6 13. Nxc6 Bxc6 14. Ne5 Bd5 15. Qe2 b5 16. Bxd5 Qxd5 17. Rfd1 Qb7 18. Rac1 Rxc1 19. Rxc1 Rc8 20. Qd1 Rxc1 21. Qxc1 Nd7 22. Nd3 Bxb2 23. Qxb2 Qc6 24. h3 f6 25. Qd4 Kf7 26. Nb4 Qb7 {Blanco Diez,D (2272)-Chernov,A (2314) chess.com INT 2024 1-0 (52)}) 12... a6 $146 ({RR} 12... Nxd4 13. Bxd4 Bc6 14. Nf3 b6 15. Ne5 Bb7 16. Qe2 e6 17. Ba6 Qd5 18. Bxb7 Qxb7 19. Qf3 Qxf3 20. Nxf3 Nd5 21. a4 Rfd8 22. Ne5 Nb4 23. Nf3 Bxd4 24. Nxd4 e5 25. Nb5 a5 26. g3 Kg7 27. Na3 {Mitrabha,G (2500)-Heinemann,J (2300) Chess.com INT 2022 1-0 (58)}) 13. N2f3 Qa5 14. Qe2 Nxd4 15. Bxd4 Bb5 16. Bxb5 Qxb5 17. Qb2 Rfd8 18. h3 Ne8 19. Rfd1 Bxd4 20. Nxd4 Qb6 21. Rxc8 Rxc8 22. Nf3 Qc7 23. Ne5 Nf6 24. Qd4 b5 25. g4 h6 26. h4 Qc3 27. Qxc3 Rxc3 28. Rd8+ Kg7 29. Ra8 Rc5 30. f4 Rc1+ 31. Kg2 Rc2+ 32. Kf3 Rxa2 33. Ra7 Kf8 34. Ra8+ Kg7 35. Ra7 Ng8 36. b4 Ra4 37. Nc6 Kf8 38. g5 hxg5 39. hxg5 Kg7 40. Ke4 Kf8 41. Ke5 Kg7 42. e4 Ra3 43. Nxe7 Nxe7 44. Rxe7 Rb3 45. f5 gxf5 46. exf5 Kf8 47. Kf6 Rxb4 48. Rxf7+ Ke8 49. Ra7 Rc4 50. Rxa6 b4 51. g6 1-0

[Event "chess.com SpeedChess 2023"]
[Site "chess.com INT"]
[Date "2023.09.14"]
[Round "1.16"]
[White "Erigaisi, Arjun"]
[Black "Nepomniachtchi, I."]
[Result "1-0"]
[WhiteElo "2712"]
[BlackElo "2771"]
[PlyCount "69"]
[EventDate "2023.09.04"]

1. Nf3 Nf6 2. g3 d5 3. Bg2 e6 4. O-O Be7 5. d4 O-O 6. c4 dxc4 7. Ne5 Nc6 8. Nxc6 bxc6 9. Na3 Bxa3 10. bxa3 Ba6 11. Qa4 Qc8 12. Qa5 Rd8 13. Rd1 h6 14. a4 Rb8 15. e4 Rb6 16. Ba3 Qb7 17. Qc3 c5 $146 ({RR} 17... Qc8 18. f3 Rb8 19. Bf1 Qd7 20. Bxc4 Bxc4 21. Qxc4 e5 22. dxe5 Qxd1+ 23. Rxd1 Rxd1+ 24. Kg2 Nd7 25. f4 Nf8 26. Qxc6 Rd2+ 27. Kh3 Rxa2 28. Bxf8 Rxf8 29. e6 fxe6 30. Qxe6+ {1-0 (30) Kazakouski,V (2476)-Manukyan,A (2148) Chess.com INT 2021}) 18. Bxc5 Rb2 19. Be7 Rd7 20. Bxf6 gxf6 21. Qf3 f5 22. Qf4 Qb6 23. exf5 exf5 24. Qxf5 Rxd4 25. Bd5 Rxd5 26. Rxd5 c3 27. Rd8+ Kg7 28. Qe5+ f6 29. Qe7+ Kg6 30. Rg8+ Kf5 31. Qh7+ Ke5 32. Re1+ Kd5 33. Qf5+ Kc6 34. Re6+ Kb7 35. Qd5+ 1-0

[Event "chess.com SpeedChess 2023"]
[Site "chess.com INT"]
[Date "2023.09.14"]
[Round "2.21"]
[White "Nakamura, Hi"]
[Black "Caruana, F."]
[Result "1-0"]
[WhiteElo "2780"]
[BlackElo "2786"]
[PlyCount "75"]
[EventDate "2023.09.04"]

1. Nf3 d5 2. b3 Nf6 3. Bb2 c5 4. e3 Nc6 5. c4 e6 6. cxd5 exd5 7. Bb5 Bd7 8. O-O Bd6 9. d4 cxd4 10. Nxd4 O-O 11. Nd2 ({RR} 11. Nf3 Be6 12. Nc3 a6 13. Be2 Rc8 14. Rc1 Qe7 15. h3 Rfd8 16. Na4 Bc7 17. Nc5 Bd6 18. Nxe6 fxe6 19. Nd4 Qd7 20. Nxc6 bxc6 21. Bxa6 Ra8 22. Bd3 e5 23. a4 Rab8 24. f4 Re8 25. Qc2 Qa7 {Kokoszczynski,J (2307)-Yeganegi,B (2347) chess.com INT 2025 0-1 (61)}) 11... a6 12. Be2 Re8 13. Rc1 Rc8 $146 ({RR} 13... Ne5 14. N4f3 Ng6 15. Nc4 Bc7 16. Bxf6 Qxf6 17. Qxd5 Bc6 18. Qg5 Qxg5 19. Nxg5 Nf4 20. Rc2 Bxg2 21. Rd1 Nh3+ 22. Kxg2 Nxg5 23. Rd7 Ne6 24. Bg4 b5 25. Bxe6 Rxe6 26. Rxc7 bxc4 27. R2xc4 g5 28. R4c5 {Mitrabha,G (2512)-Shehzad,S (2296) Fagernes NOR 2023 1-0 (52)}) 14. Nxc6 bxc6 15. Bxa6 Ra8 16. Bd3 Rxa2 17. Bd4 Ng4 18. Nf3 h6 19. b4 Bxb4 20. Qb3 Qa5 21. Ra1 Ra3 22. Rxa3 Qxa3 23. Qb1 c5 24. Bb2 Qa5 25. Bh7+ Kf8 26. Bf5 Qc7 27. Bxd7 Qxd7 28. Qh7 f6 29. Nh4 Qe6 30. Ng6+ Kf7 31. Ra1 Qe4 32. h3 Nxf2 33. Ra7+ Ke6 34. Nf4+ Kd6 35. Ra6+ Kd7 36. Qxg7+ Re7 37. Ra7+ Kd8 38. Qf8+ 1-0

[Event "chess.com SpeedChess 2023"]
[Site "chess.com INT"]
[Date "2023.09.15"]
[Round "2.7"]
[White "Carlsen, M."]
[Black "Nepomniachtchi, I."]
[Result "1-0"]
[WhiteElo "2839"]
[BlackElo "2771"]
[PlyCount "121"]
[EventDate "2023.09.04"]

1. Nf3 Nf6 2. g3 d5 3. Bg2 e6 4. O-O Be7 5. d3 O-O 6. a4 Nc6 7. Nbd2 e5 8. e4 dxe4 9. dxe4 a5 ({RR} 9... b6 10. Nc4 Ba6 11. Nfxe5 Nxe5 12. Nxe5 Bxf1 13. Qxf1 Qe8 14. Qc4 Bc5 15. Nd3 Rd8 16. Bf4 Rd4 17. Qb5 Nxe4 18. Be3 Rd8 19. Nxc5 Nxc5 20. Bxc5 bxc5 21. Qxc5 Rd2 22. Qxa7 Rxc2 23. a5 Rxb2 24. a6 {Carlsen,M (2830)-Yoo,C (2599) chess.com INT 2024 1-0 (31)}) 10. b3 $146 ({RR} 10. c3 Be6 11. Qe2 Nd7 12. Nc4 f6 13. Ne3 Qe8 14. Nd5 Bd6 15. Nh4 Bxd5 16. exd5 Ne7 17. f4 exf4 18. Bxf4 Ne5 19. Kh1 Kh8 20. Be4 Qf7 21. Qg2 N5g6 22. Nxg6+ Nxg6 23. Rae1 Nxf4 24. gxf4 f5 {Andreikin,D (2729)-Lazavik,D (2537) Almaty KAZ 2022 1-0 (64)}) ({RR} 10. Qe2 Bc5 11. Nc4 Qe7 12. c3 h6 13. Ne3 Bxe3 14. Bxe3 Bg4 15. h3 Bxf3 16. Bxf3 Qe6 17. Kh2 Ne7 18. Rfd1 Nc8 19. Bc5 Re8 20. Rd2 Qc6 21. Qb5 Qxb5 22. axb5 b6 23. Ba3 Na7 24. c4 c6 {Dronavalli,H (2489)-Mammadzada,G (2421) New York USA 2024 ½-½ (49)}) 10... Bc5 11. Bb2 Qe7 12. Qe2 Rd8 13. Nc4 Bg4 14. c3 Qe6 15. Rfe1 Ne8 16. h3 Bh5 17. Rad1 Nd6 18. Rd5 Nxc4 19. Qxc4 Bd6 20. Nd2 f6 21. Rb5 Qxc4 22. Nxc4 b6 23. Nxd6 Rxd6 24. Rd5 Rad8 25. Ba3 R6d7 26. Bf1 Nb8 27. b4 axb4 28. cxb4 Nc6 29. Rc1 Nd4 30. Rxc7 Rxc7 31. Rxd8+ Kf7 32. b5 Bf3 33. Bb2 Ne2+ 34. Bxe2 Bxe2 35. f4 Rc2 36. Ba3 Rc3 37. Bd6 Bd1 38. f5 g6 39. g4 gxf5 40. exf5 Bxa4 41. Rf8+ Kg7 42. Rb8 Bxb5 43. Rb7+ Kh8 44. Rxb6 Be2 45. Be7 Rxh3 46. Bxf6+ Kg8 47. Rb7 Rg3+ 48. Kf2 Rxg4 49. Kxe2 Rf4 50. Rg7+ Kf8 51. Rg5 Kf7 52. Bh8 Rh4 53. Ke3 h6 54. Rg7+ Kf8 55. Ra7 Rf4 56. Bg7+ Kg8 57. f6 h5 58. Re7 Rf5 59. Ke4 Rg5 60. Bh6 Rg6 61. f7+ 1-0

[Event "AI Cup Play-In 2023"]
[Site "chess.com INT"]
[Date "2023.09.18"]
[Round "1"]
[White "Nakamura, Hi"]
[Black "Zakhartsov, Vl"]
[Result "1-0"]
[WhiteElo "2780"]
[BlackElo "2526"]
[PlyCount "73"]
[EventDate "2023.09.18"]

1. Nf3 c5 2. b3 d5 3. Bb2 a6 4. e3 Nc6 5. d4 Bg4 6. Be2 Bxf3 7. Bxf3 cxd4 8. exd4 Nf6 9. c4 e6 10. O-O Bd6 ({RR} 10... Be7 11. Na3 O-O 12. Nc2 Qd7 13. Qe2 Rfd8 14. Rfd1 Bf8 15. Ne3 g6 16. a3 a5 17. Rac1 Ne7 18. g3 Bg7 19. Rc2 a4 20. b4 dxc4 21. Nxc4 Nfd5 22. Ne5 Qe8 23. Be4 Rac8 24. Rdc1 Rxc2 25. Rxc2 {Artemiev,V (2716)-Carlsen,M (2863) chess24.com INT 2020 ½-½ (78)}) 11. Nd2 O-O $146 ({RR} 11... Qc7 12. g3 O-O 13. a3 Rab8 14. c5 Be7 15. b4 b5 16. Re1 a5 17. Bc3 a4 18. Bg2 Ne8 19. f4 Qd7 20. Qe2 Nc7 21. Nf3 g6 22. Ne5 Nxe5 23. dxe5 f5 24. exf6 Bxf6 25. Bxf6 Rxf6 26. Bh3 {Brandl,R (2240)-Gottsmann,H (2110) Werfen 1991 ½-½ (76)}) 12. a3 Rc8 13. c5 Bb8 14. b4 e5 15. dxe5 Bxe5 16. Bxe5 Nxe5 17. Nb3 Re8 18. Be2 Nc6 19. Rc1 Rc7 20. Qc2 Rce7 21. Bf3 Ne5 22. Nd4 Nxf3+ 23. Nxf3 Re2 24. Qd3 Ra2 25. c6 bxc6 26. Rxc6 a5 27. Qb3 Rae2 28. b5 d4 29. b6 d3 30. b7 Qb8 31. Ra6 R2e7 32. Rb1 d2 33. Nxd2 Qf4 34. b8=Q Qxd2 35. h3 Rxb8 36. Qxb8+ Re8 37. Rxf6 1-0

[Event "AI Cup Play-In 2023"]
[Site "chess.com INT"]
[Date "2023.09.18"]
[Round "3"]
[White "Esipenko, Andrey"]
[Black "Ponkratov, P."]
[Result "1-0"]
[WhiteElo "2683"]
[BlackElo "2595"]
[PlyCount "49"]
[EventDate "2023.09.18"]

1. Nf3 {Bulletin} c5 2. b3 Nc6 3. Bb2 d5 4. e3 a6 5. d4 cxd4 6. Nxd4 Nf6 7. Be2 e6 8. O-O Bd6 9. c4 O-O 10. cxd5 ({RR} 10. Nxc6 bxc6 11. Nc3 Bb7 12. cxd5 cxd5 13. Bf3 Qe7 14. Na4 Rad8 15. Qe2 e5 16. g3 e4 17. Bg2 Nd7 18. Rfd1 Ne5 19. Bd4 Qf6 20. Rac1 Nf3+ 21. Qxf3 Qxf3 22. Bxf3 exf3 23. Bc5 h5 24. Bxd6 Rxd6 {Elgabry,M (2107)-Kushagra,M (2412) Taleigao IND 2025 ½-½ (61)}) 10... exd5 11. Nd2 Ne5 $146 ({RR} 11... Re8 12. Rc1 Bd7 13. Nxc6 bxc6 ({RR} 13... Bxc6) 14. Bf3 a5 15. Bd4 Ba3 16. Rc2 a4 17. Qa1 Bb4 18. Bc3 Qe7 19. Bxb4 Qxb4 20. a3 axb3 21. axb4 Rxa1 22. Nxb3 Rxf1+ 23. Kxf1 Rb8 24. Nd4 Rb6 ({RR} 24... Rxb4 25. Nxc6) 25. Ke1 Kf8 26. Kd2 {Andersson,U-Spassky,B Gothenburg 1971 MCD [Bulletin] ½-½ (51)}) 12. N2f3 Qe7 13. Rc1 Ne4 14. Rc2 Bd7 15. Nxe5 Qxe5 16. Nf3 Qf5 17. Qd4 f6 18. Bd3 Be6 19. Qb6 Rad8 20. Ba3 Bxa3 21. Nd4 Rd6 22. Qa5 Qg5 23. Qxa3 Bh3 24. f4 Qg6 25. Qxd6 1-0

[Event "AI Cup Play-In 2023"]
[Site "chess.com INT"]
[Date "2023.09.18"]
[Round "5"]
[White "Nakamura, Hi"]
[Black "Sargsyan, Shant"]
[Result "1-0"]
[WhiteElo "2780"]
[BlackElo "2631"]
[PlyCount "73"]
[EventDate "2023.09.18"]

1. Nf3 d5 2. b3 Nf6 3. e3 Bg4 4. Bb2 e6 5. d3 c5 6. Nbd2 Nc6 7. h3 Bh5 8. g4 Bg6 9. Nh4 $146 ({RR} 9. g5 Nd7 10. Rg1 Qa5 11. Nh4 O-O-O 12. a3 Nb6 13. Nxg6 hxg6 14. Qf3 c4 15. b4 Qa4 16. Rc1 c3 17. Bxc3 Qxa3 18. Nb3 Bxb4 19. Bxb4 Qxb4+ 20. Kd1 Rd7 21. Be2 Na4 22. Ra1 Nc3+ 23. Ke1 a5 {Chernikov,V (2258)-Pulvett Marin,D (2523) Valencia 2022 0-1 (55)}) 9... Bd6 10. Bg2 Qc7 11. Qe2 Be5 12. c3 O-O-O 13. f4 Bd6 14. O-O Kb8 15. Rac1 Rhe8 16. a3 h6 17. b4 Bh7 18. b5 Ne7 19. c4 d4 20. Nb3 Nd7 21. exd4 Bxf4 22. Rxf4 Qxf4 23. dxc5 Bxd3 24. Qxd3 Nxc5 25. Qe2 Nd3 26. Rf1 Qxc4 27. Be5+ Nxe5 28. Qxe5+ Qc7 29. Qxc7+ Kxc7 30. Rxf7 Kb6 31. a4 a5 32. Nf3 Rd3 33. Nfd2 Rc3 34. Bf1 Ka7 35. Nxa5 Kb6 36. Nac4+ Kc5 37. Ne4+ 1-0

[Event "AI Cup Play-In 2023"]
[Site "chess.com INT"]
[Date "2023.09.18"]
[Round "5"]
[White "Warmerdam, Max"]
[Black "Flores, Di"]
[Result "1-0"]
[WhiteElo "2645"]
[BlackElo "2534"]
[PlyCount "75"]
[EventDate "2023.09.18"]

1. Nf3 c5 2. g3 Nc6 3. Bg2 e5 4. d3 g6 5. Bg5 ({RR} 5. c3 Bg7 6. a3 a5 7. a4 Nge7 8. Na3 O-O 9. O-O d6 10. Nb5 h6 11. d4 cxd4 12. cxd4 e4 13. Ne1 d5 14. Bf4 Nf5 15. Nc2 Be6 16. Bc7 Qd7 17. Bb6 h5 18. Nc7 Rac8 19. Nxe6 Qxe6 {Belezky,A (2395)-Rausis,I (2535) Badalona 2003 ½-½}) ({RR} 5. b3 Bg7 6. Bb2 Nge7 7. O-O O-O 8. e4 d5 9. Nbd2 d4 10. a4 h6 11. Nc4 Be6 12. Re1 Qc7 13. Bc1 b6 14. Bd2 a6 15. Qc1 b5 16. Nb2 Kh7 17. h3 Rab8 18. Nh2 Qd7 19. g4 Rbc8 {Pribelszky,B (2408)-Tan,J (2322) chess.com INT 2024 0-1 (63)}) 5... f6 6. Bd2 d5 7. O-O $146 ({RR} 7. e4 Nge7 8. O-O Bg4 9. h3 Be6 10. Nh2 Qd7 11. exd5 Nxd5 12. Ng4 Be7 13. Kh2 h5 14. Ne3 h4 15. g4 Nf4 16. Nc3 f5 17. f3 O-O-O 18. Ne2 Nxe2 19. Qxe2 Nd4 20. Qd1 e4 21. fxe4 Bd6+ {Gonzalez,L-Bellon Lopez,J (2445) El Corte Ingles 1990 0-1 (36)}) 7... Be6 8. c4 d4 9. e3 Qd7 10. Re1 Nh6 11. exd4 cxd4 12. Na3 Nf7 13. Nc2 a5 14. a3 Bg7 15. b4 O-O 16. bxa5 f5 17. Nb4 e4 18. dxe4 fxe4 19. Rxe4 Bxc4 20. Rc1 Nd6 21. Rh4 Nxa5 22. Nxd4 Bf6 23. Rf4 g5 24. Rxf6 Rxf6 25. Bxg5 Rg6 26. Bf4 Nf7 27. Be4 Rg7 28. Nf5 Qe6 29. Nxg7 Qxe4 30. Nh5 Qg6 31. Qf3 Rd8 32. Bc7 Ng5 33. Qf6 Rf8 34. Qxg6+ hxg6 35. Nf4 Rxf4 36. gxf4 Nf3+ 37. Kg2 Nd2 38. Bxa5 1-0

[Event "AI Cup Play-In 2023"]
[Site "chess.com INT"]
[Date "2023.09.18"]
[Round "5"]
[White "Keymer, Vincent"]
[Black "Lysyj, I."]
[Result "1-0"]
[WhiteElo "2717"]
[BlackElo "2589"]
[PlyCount "93"]
[EventDate "2023.09.18"]

1. Nf3 d5 2. g3 Nf6 3. Bg2 e6 4. O-O Be7 5. d4 O-O 6. b3 c5 7. Bb2 ({RR} 7. dxc5 Na6 8. Bb2 Nxc5 9. Nbd2 b6 10. a4 Bb7 11. e3 Rc8 12. Re1 a5 13. Nd4 Qc7 14. Nb5 Qb8 15. Nf3 Nce4 16. Be5 Qa8 17. Nc7 Qa7 18. Nd4 Nc3 19. Ncb5 Nxb5 20. Nxb5 Qa8 21. Qd4 Bc5 {Volkov,S (2630)-Roiz,M (2544) Internet 2004 ½-½ (49)}) 7... b6 ({RR} 7... cxd4 8. Nbd2 Bd6 9. Nxd4 Nc6 10. e3 e5 11. Nb5 Bg4 12. f3 Be6 13. Nxd6 Qxd6 14. Kh1 Rad8 15. a4 Rfe8 16. Ba3 Qd7 17. f4 Bg4 18. Qe1 e4 19. c3 b6 20. b4 Qf5 21. Nb3 Qh5 22. Ra2 {Arellano,R (2097)-Woods,Y (1874) Enniscrone IRL 2025 0-1 (83)}) 8. dxc5 Bxc5 9. c4 $146 ({RR} 9. e3 Bb7 10. Nbd2 Nbd7 11. Rc1 Qe7 12. c4 Rfd8 13. Qc2 Rac8 14. Ne5 Nxe5 15. Bxe5 Ba6 16. Rfd1 b5 17. h3 Ba3 18. Bb2 Bxb2 19. Qxb2 bxc4 20. bxc4 dxc4 21. Bf1 h6 22. Nxc4 Rxd1 23. Rxd1 Bxc4 {Gameel,M (2211)-Markov,M (2365) Chess.com INT 2020 1-0 (49)}) 9... Bb7 10. cxd5 Nxd5 11. Nbd2 Qe7 12. a3 a5 13. b4 axb4 14. axb4 Bxb4 15. Rxa8 Bxa8 16. Qa1 Nd7 17. Bxg7 Rc8 18. Bb2 Nc3 19. Qa6 Qf8 20. Re1 Nc5 21. Qa1 N5a4 22. e3 Nxb2 23. Qxb2 b5 24. Nd4 Bxg2 25. Kxg2 Qc5 26. Ra1 Qd5+ 27. N2f3 Bf8 28. Ra5 Rc5 29. Ne2 Nxe2 30. Qxe2 b4 31. Rxc5 Bxc5 32. e4 Qh5 33. Qb5 Kg7 34. h3 Qg6 35. Qxc5 Qxe4 36. Qd4+ Qxd4 37. Nxd4 e5 38. Nb3 f5 39. Kf3 h5 40. h4 Kf6 41. Ke3 Ke6 42. Kd3 Kd5 43. Nd2 Kc5 44. Nf1 f4 45. gxf4 exf4 46. Nd2 Kd5 47. f3 1-0

[Event "AI Cup Play-In 2023"]
[Site "chess.com INT"]
[Date "2023.09.18"]
[Round "5"]
[White "Nihal, Sarin"]
[Black "Mishra, Abhimanyu"]
[Result "1-0"]
[WhiteElo "2694"]
[BlackElo "2599"]
[PlyCount "167"]
[EventDate "2023.09.18"]

1. Nf3 d5 2. g3 g6 3. Bg2 Bg7 4. d4 c6 5. O-O Nf6 6. c3 O-O 7. Nbd2 Bf5 8. Nh4 Be6 9. e4 dxe4 10. Nxe4 Nxe4 11. Bxe4 Bd5 ({RR} 11... Nd7 12. Bg2 Bd5 13. Nf3 e6 14. Qe2 c5 15. Be3 Rc8 16. c4 Bxc4 17. Qxc4 cxd4 18. Qe2 dxe3 19. Qxe3 Qb6 20. Qd2 Rfd8 21. Rab1 Ne5 22. Qe2 Nxf3+ 23. Qxf3 Rc2 24. Qxb7 Qxb7 25. Bxb7 Rdd2 26. Be4 {Enkhtuul,A (2163)-Laddha,S (2303) chess.com INT 2025 0-1 (57)}) 12. Bxd5 Qxd5 13. Re1 e6 $146 ({RR} 13... c5 14. dxc5 Qxc5 15. Qe2 Nc6 16. Be3 Qa5 17. Nf3 Rfd8 18. a4 Rac8 19. Qb5 Qc7 20. Bf4 Qd7 21. Qe2 Qd5 22. Red1 Qh5 23. Qe4 Qg4 24. Kg2 e5 25. h3 Qe6 26. Be3 Qb3 27. Nd2 Qxb2 28. Rab1 {Welling,G (2338)-Stella,A (2453) Milan 2012 ½-½ (136)}) 14. Qb3 Qxb3 15. axb3 Nd7 16. Nf3 Rfe8 17. Be3 a6 18. Red1 Rad8 19. Kf1 Nf6 20. b4 Nd5 21. Bg5 f6 22. Bd2 Bf8 23. Ne1 Kf7 24. Nd3 g5 25. c4 Ne7 26. Bc3 Nf5 27. Nc5 Bxc5 28. bxc5 g4 29. Rd2 Rd7 30. Rad1 h5 31. Kg2 Kg6 32. Kg1 Ree7 33. Kf1 Re8 34. d5 cxd5 35. cxd5 exd5 36. Rxd5 Rxd5 37. Rxd5 Re7 38. Rd8 Ng7 39. Rd6 Ne6 40. c6 bxc6 41. Rxc6 a5 42. Bxa5 Nd4 43. Rd6 Nf3 44. Bc3 Nxh2+ 45. Kg2 Nf3 46. Rxf6+ Kh7 47. Kf1 Nh2+ 48. Kg2 Nf3 49. Rd6 Re2 50. Rd1 Kg6 51. Rc1 Ng5 52. Kf1 Re6 53. b4 Ne4 54. Bd4 Rd6 55. Be3 Rd5 56. Ke2 Kf5 57. Rc8 Rb5 58. Rc4 Rd5 59. Rd4 Rb5 60. Kd3 Nf6 61. Kc4 Rb8 62. b5 Rc8+ 63. Kb4 Ke5 64. b6 Nd5+ 65. Kb5 Rc2 66. Rc4 Rb2+ 67. Kc6 Nxe3 68. fxe3 h4 69. gxh4 g3 70. b7 g2 71. Rc1 Ke4 72. Kc7 Rc2+ 73. Rxc2 g1=Q 74. b8=Q Qg7+ 75. Kb6 Qf6+ 76. Rc6 Qb2+ 77. Kc7 Qg7+ 78. Kc8 Qg8+ 79. Kb7 Qb3+ 80. Rb6 Qd5+ 81. Ka7 Qa5+ 82. Ra6 Qc5+ 83. Qb6 Qc3 84. Qd4+ 1-0

[Event "AI Cup Play-In 2023"]
[Site "chess.com INT"]
[Date "2023.09.18"]
[Round "6"]
[White "Alekseev, Evgeny"]
[Black "Lysyj, I."]
[Result "1-0"]
[WhiteElo "2573"]
[BlackElo "2589"]
[PlyCount "109"]
[EventDate "2023.09.18"]

1. Nf3 d5 2. e3 Nf6 3. c4 e6 4. Nc3 Be7 5. b3 O-O 6. Bb2 c5 7. cxd5 exd5 8. d4 Nc6 9. Be2 Ne4 10. O-O Bf6 11. Na4 Bg4 12. Rc1 cxd4 13. Nxd4 Bxd4 14. Bxg4 Bxb2 15. Nxb2 Qa5 16. Na4 Rad8 17. Qc2 Rfe8 18. Rfd1 d4 19. Bf3 Nb4 20. Qb1 $146 ({RR} 20. Qc7 Qxc7 21. Rxc7 b5 22. Bxe4 {½-½ (22) Jimenez Garcia,E (2352)-Masague Artero,G (2251) Linares ESP 2024}) 20... Ng5 21. Bxb7 Qb5 22. Rc5 Qxb7 23. Rxg5 dxe3 24. fxe3 Qe4 25. Rg3 Nxa2 26. Qa1 Rxd1+ 27. Qxd1 g6 28. Rf3 Nb4 29. h3 Qd5 30. Qb1 Nc6 31. Nc3 Qe5 32. Qd3 Rd8 33. Qc4 Qe6 34. Qxe6 fxe6 35. Ne4 Rd3 36. Nc5 Rd1+ 37. Kf2 Ne5 38. Rf6 Nd7 39. Nxd7 Rxd7 40. Rxe6 Rb7 41. Ra6 Rxb3 42. Rxa7 h6 43. Kf3 g5 44. Re7 Rb4 45. e4 Rb6 46. Kg4 Rb2 47. g3 Rb3 48. h4 gxh4 49. gxh4 Re3 50. Kf5 Rh3 51. Kg4 Re3 52. Kf5 Rh3 53. Kg6 Kf8 54. Rf7+ Kg8 55. Rf4 1-0

[Event "AI Cup Play-In 2023"]
[Site "chess.com INT"]
[Date "2023.09.18"]
[Round "7"]
[White "Meier, Geo"]
[Black "Movsesian, S."]
[Result "1-0"]
[WhiteElo "2628"]
[BlackElo "2606"]
[PlyCount "91"]
[EventDate "2023.09.18"]

1. Nf3 d5 2. g3 c6 3. Bg2 Nf6 4. O-O Bg4 5. h3 Bh5 6. c4 e6 7. d3 Nbd7 8. cxd5 exd5 9. Nc3 Be7 10. e4 dxe4 ({RR} 10... O-O 11. exd5 Nxd5 12. Nxd5 cxd5 13. Be3 Nc5 14. d4 Ne4 15. Qb3 Bxf3 16. Bxf3 Qd7 17. Bg2 Kh8 18. Rac1 Rac8 19. h4 f5 20. Rfd1 Bf6 21. a4 a6 22. Qb6 h6 23. Qb3 Rfe8 24. Bf3 Kh7 25. Kg2 {Meier,G (2630)-Karjakin,S (2783) Chess.com INT 2017 0-1 (54)}) 11. dxe4 Nc5 ({RR} 11... O-O 12. Qc2 Qc7 13. Bf4 Bd6 14. Nb5 cxb5 15. Qxc7 Bxc7 16. Bxc7 Nxe4 17. Nd4 Ndf6 18. Nxb5 Rac8 19. Rfc1 a6 20. Nd4 Bg6 21. f4 h5 22. f5 Bh7 23. Be5 Rcd8 24. Rd1 Rfe8 25. Bxf6 gxf6 26. g4 {Pribelszky,B (2391)-Kiselev,V (2504) chess.com INT 2025 1-0 (55)}) 12. Be3 Ncxe4 $146 ({RR} 12... O-O 13. g4 Bg6 14. Ne5 Qc7 15. Nxg6 hxg6 16. f4 Rfe8 17. e5 Nfd7 18. b4 Ne6 19. Rc1 Bxb4 20. Nd5 Qa5 21. Nxb4 Qxb4 22. Rb1 Qa3 23. Rb3 Qxa2 24. Rxb7 Ndc5 25. Rb1 Rad8 26. Qf3 Nb3 27. Qf2 {Maletin,P (2567)-Inarkiev,E (2693) Khanty-Mansiysk 2012 ½-½ (48)}) 13. Nxe4 Nxe4 14. g4 Bg6 15. Ne5 Nd6 16. Nxc6 bxc6 17. Bxc6+ Kf8 18. Bxa8 Qxa8 19. Bc5 Qb8 20. Re1 h5 21. Qd5 hxg4 22. Rxe7 Kxe7 23. Bxd6+ Qxd6 24. Re1+ Kd7 25. Qb7+ Kd8 26. Qa8+ Kc7 27. Qxh8 g3 28. Qh4 gxf2+ 29. Qxf2 Kb7 30. Qe3 Qd5 31. Rc1 Be4 32. Qb3+ Qxb3 33. axb3 Kb6 34. h4 g6 35. b4 Kb5 36. Rc7 a6 37. Rxf7 Bd3 38. Rd7 Bc2 39. Rd4 Ka4 40. Kf2 Kb3 41. Rd6 Kxb2 42. Rxa6 Kb3 43. Rb6 Bf5 44. Ke3 Kc4 45. Kf4 Bd3 46. Kg5 1-0

[Event "AI Cup Play-In 2023"]
[Site "chess.com INT"]
[Date "2023.09.18"]
[Round "8"]
[White "Warmerdam, Max"]
[Black "Tabatabaei, M."]
[Result "1-0"]
[WhiteElo "2645"]
[BlackElo "2685"]
[PlyCount "45"]
[EventDate "2023.09.18"]

1. Nf3 d5 2. g3 Nf6 3. Bg2 c6 4. c4 dxc4 5. Qc2 b5 6. b3 cxb3 7. axb3 Bb7 8. Ba3 Nbd7 9. O-O ({RR} 9. d4 Qa5+ 10. b4 Qb6 11. Nbd2 e6 12. Nb3 Be7 13. O-O O-O 14. Rfc1 Rac8 15. e4 Rfd8 16. Nc5 Qc7 17. Nxb7 Qxb7 18. Bf1 Qb8 19. Bd3 g6 20. Qb3 Nb6 21. Rc2 Nfd7 22. Rac1 Qb7 23. Bb2 a6 {Moaataz,A (2036)-Terbe,J (2306) Astana 2019 0-1 (60)}) 9... Rc8 $146 ({RR} 9... e6 10. Bxf8 Kxf8 11. d4 a6 12. Nbd2 g6 13. e4 Kg7 14. e5 Nd5 15. Ne4 Qb6 16. Rfc1 Rhd8 17. Nd6 h6 18. Nd2 Ne7 19. g4 Ra7 20. Qd3 Ba8 21. N2e4 Nc8 22. Qe3 {½-½ (22) Pejko,O (2215)-Kiss,P (2455) Sarospatak 1995}) 10. d4 g6 11. Bb4 a6 12. Ba5 Nb6 13. Rd1 Nfd7 14. Ne5 Nxe5 15. dxe5 Qc7 16. e6 fxe6 17. Qc5 Nd7 18. Qc3 Qe5 19. Rxd7 Qxc3 20. Bxc3 Kxd7 21. Bxh8 Kc7 22. Nc3 c5 23. Nxb5+ 1-0

[Event "AI Cup Play-In 2023"]
[Site "chess.com INT"]
[Date "2023.09.18"]
[Round "9"]
[White "Jones, G."]
[Black "Potkin, V."]
[Result "1-0"]
[WhiteElo "2618"]
[BlackElo "2564"]
[PlyCount "63"]
[EventDate "2023.09.18"]

1. Nf3 d5 2. g3 g6 3. Bg2 Bg7 4. O-O e5 5. d3 Nc6 6. Nc3 Nge7 7. e4 dxe4 8. dxe4 Qxd1 9. Rxd1 Bg4 10. Be3 O-O 11. Nb5 Rac8 12. h3 Be6 13. Ng5 Bc4 14. a4 f6 $146 ({RR} 14... h6 15. Na3 Be2 16. Rd2 Bh5 17. g4 hxg5 18. Bxg5 Bxg4 19. hxg4 Rfd8 20. Rad1 Kf8 21. Nb5 Rxd2 22. Rxd2 a6 23. Nc3 Nd4 24. Nd5 Ng8 25. Be3 Nf6 26. c3 Nb3 27. Nxf6 Bxf6 28. Rd5 Rd8 29. g5 {Jones,G (2672)-Navara,D (2700) Germany 2022 0-1 (41)}) 15. Na3 Be2 16. Rd2 fxg5 17. Rxe2 Nd4 18. Rd2 h6 19. Rad1 Nec6 20. Kh1 Rf7 21. Bf1 Kh7 22. Bc4 Rf6 23. Nb5 a6 24. Nc3 Nb4 25. Nd5 Nxd5 26. Bxd5 c6 27. Ba2 b5 28. c3 Nf3 29. Rd7 Rff8 30. Bc5 Rh8 31. Rxg7+ Kxg7 32. Rd7+ 1-0